00495nam a2200193 a 4500001001300000003000900013005001700022008004100039020001000080082001500090100002100105245001700126260003800143300000900181500003500190505001900225650003600244700002100280nice12345678IN_TiNIC20260116011846.0050524s0000 lona grp 000 0 eng  ac10000a227.2bMAS aMassie, J Ma D D aCorinthians. aLondonbT. C & E.C.Jack Ltdc0000 a339p aincludes index and biblioraphy2 aIndex and Maps aBible N.T. Epistles Corinthians1 aMassie, J Ma D D